[Event "FB1 2324 SK Schwäbisch Hall - SC 1957 B"]
[Site "?"]
[Date "2023.10.15"]
[Round "2.4"]
[White "Bulmaga, Irina"]
[Black "Babiy, Olga"]
[Result "1-0"]
[WhiteElo "2423"]
[BlackElo "2323"]
[PlyCount "119"]
[EventDate "2023.??.??"]

1. e4 c5 2. Nf3 d6 3. d4 cxd4 4. Nxd4 Nf6 5. Nc3 a6 6. Bc4 e6 7. Be3 b5 8. Bb3 Bb7 9. Qe2 Nbd7 10. f3 Nc5 11. a3 Nxb3 12. Nxb3 Rc8 13. O-O-O Rxc3 14. bxc3 Qc7 15. Bd4 e5 16. Be3 Be7 17. Kb2 O-O 18. Bg5 Rc8 19. Rd3 a5 20. Rhd1 b4 21. axb4 axb4 22. cxb4 Ba6 23. Bxf6 Bxd3 24. Rxd3 Bxf6 25. Qd2 Bg5 26. Qc3 Qb8 27. Qe1 Rc4 28. c3 f5 29. Na5 Rc5 30. Qd1 Kh8 31. Qb3 Rb5 32. Rd5 fxe4 33. fxe4 h6 34. Rxb5 Qxb5 35. Qc4 Qb6 36. Qc8+ Kh7 37. Qf5+ Kh8 38. Kb3 Qg1 39. Qf3 d5 40. exd5 Qb1+ 41. Kc4 e4 42. Qe2 e3 43. Nb3 Qe4+ 44. Nd4 Bf6 45. Qf3 Qe8 46. Kd3 Bxd4 47. cxd4 Qb5+ 48. Kxe3 Qxb4 49. h3 Qe1+ 50. Qe2 Qg3+ 51. Kd2 Qg5+ 52. Kd3 Qf5+ 53. Qe4 Qf1+ 54. Ke3 Qc1+ 55. Kf2 Qg5 56. Qe5 Qg6 57. d6 Qf7+ 58. Kg3 h5 59. Qe7 Qb3+ 60. Kh2 1-0

[Event "FB1 2324 SK Schwäbisch Hall - SC 1957 B"]
[Site "?"]
[Date "2023.10.15"]
[Round "2.5"]
[White "Rudzinska, Michalina"]
[Black "Atalik, Ekaterina"]
[Result "1/2-1/2"]
[WhiteElo "2228"]
[BlackElo "2394"]
[PlyCount "113"]
[EventDate "2023.??.??"]

1. e4 c6 2. d4 d5 3. e5 Bf5 4. Nf3 e6 5. Be2 h6 6. O-O Ne7 7. c3 Nd7 8. Na3 Bh7 9. Nc2 Ng6 10. Bd3 Be7 11. Ne3 Qc7 12. Ne1 Ngf8 13. f4 Bxd3 14. Nxd3 g6 15. Kh1 h5 16. b4 f5 17. exf6 Nxf6 18. Ne5 Bd6 19. Qc2 O-O-O 20. a4 h4 21. N3g4 Bxe5 22. Nxe5 Ne4 23. Kg1 Rh5 24. c4 Nd7 25. c5 Nxe5 26. fxe5 Rf5 27. Be3 Rdf8 28. Qd3 g5 29. b5 g4 30. b6 axb6 31. cxb6 Rxf1+ 32. Rxf1 Rxf1+ 33. Qxf1 Qxb6 34. Qf8+ Kc7 35. Kh1 Qb1+ 36. Bg1 Qe1 37. a5 Qxa5 38. Qg7+ Kb8 39. Qxg4 Qe1 40. Qf3 Kc7 41. Qf7+ Kb6 42. Qf3 Kb5 43. Qb3+ Ka6 44. Qa3+ Qa5 45. Qh3 Qe1 46. Qa3+ Kb6 47. Qf3 Nc3 48. Qf2 Qe4 49. Qb2+ Nb5 50. h3 Ka5 51. Bf2 Ka4 52. Kg1 Ka5 53. Qd2+ Ka6 54. Qa2+ Kb6 55. Qb2 Ka6 56. Qa2+ Kb6 57. Qb2 1/2-1/2

[Event "FB1 2324 SK Schwäbisch Hall - SC 1957 B"]
[Site "?"]
[Date "2023.10.15"]
[Round "2.6"]
[White "Matnadze Bujiashvili, Ann"]
[Black "Manko, Mariia"]
[Result "0-1"]
[WhiteElo "2400"]
[BlackElo "2057"]
[PlyCount "146"]
[EventDate "2023.??.??"]

1. d4 Nf6 2. Nf3 c5 3. d5 g6 4. g3 Bg7 5. Bg2 O-O 6. O-O d6 7. c4 b5 8. cxb5 a6 9. b6 Qxb6 10. Nc3 Nbd7 11. e4 Ng4 12. Nd2 Ngf6 13. Nc4 Qb4 14. Na3 a5 15. Nc2 Qb6 16. f4 Ba6 17. Re1 c4+ 18. Be3 Qc7 19. Nd4 Nc5 20. e5 Nfd7 21. e6 Nf6 22. exf7+ Rxf7 23. Ne6 Nxe6 24. dxe6 Rff8 25. h3 Bb7 26. Qd2 Bxg2 27. Qxg2 Rab8 28. Rac1 Qb7 29. Re2 Rfc8 30. Rec2 Qxg2+ 31. Kxg2 Rc6 32. Bd4 d5 33. Re1 Rd8 34. Kf3 Ne8 35. Nb5 Nd6 36. a4 Rb8 37. Bxg7 Kxg7 38. Nd4 Rcb6 39. Re5 Rxb2 40. Rxb2 Rxb2 41. Rxd5 c3 42. Ne2 c2 43. Rc5 Rb3+ 44. Kg2 Nf5 45. Kf2 Rb2 46. Ke1 Ra2 47. g4 Nd6 48. Rc7 Kf6 49. g5+ Kxe6 50. Nd4+ Kd5 51. Nxc2 Nf5 52. Rc8 Ke4 53. Kd1 Rxa4 54. Rh8 Kxf4 55. h4 Nxh4 56. Rxh7 Nf5 57. Kd2 Kxg5 58. Ne1 e5 59. Rh8 e4 60. Re8 Kf4 61. Ng2+ Kf3 62. Ne1+ Kf2 63. Nc2 e3+ 64. Kd3 Rg4 65. Rh8 a4 66. Ra8 e2 67. Re8 Rg3+ 68. Kd2 Re3 69. Rg8 Nd4 70. Ne1 Nf3+ 71. Nxf3 Rxf3 72. Re8 e1=Q+ 73. Rxe1 Rd3+ 0-1

[Event "FB1 2324 Schachfreunde Deizisau - Rodewi"]
[Site "?"]
[Date "2023.10.15"]
[Round "2.2"]
[White "Schleining, Zoya"]
[Black "Sliwicka, Alicja"]
[Result "1/2-1/2"]
[WhiteElo "2331"]
[BlackElo "2290"]
[PlyCount "67"]
[EventDate "2023.??.??"]

1. e4 c5 2. Nf3 Nc6 3. Bb5 g6 4. Bxc6 bxc6 5. O-O Bg7 6. c3 Nf6 7. Re1 O-O 8. d4 cxd4 9. cxd4 d5 10. e5 Ne4 11. Nbd2 Nxd2 12. Bxd2 Qb6 13. Bc3 a5 14. h3 Bd7 15. Rc1 e6 16. Re2 Rfc8 17. Rec2 c5 18. dxc5 Qxc5 19. Bd4 Qb5 20. Rxc8+ Rxc8 21. Rxc8+ Bxc8 22. Qb3 Ba6 23. Qxb5 Bxb5 24. Bc3 a4 25. Nd4 Bd3 26. f4 g5 27. g3 gxf4 28. gxf4 Bh6 29. Bd2 f6 30. exf6 Kf7 31. Nf3 Kxf6 32. Ne5 Bb1 33. Ng4+ Kg7 34. Nxh6 1/2-1/2

[Event "FB1 2324 Schachfreunde Deizisau - Rodewi"]
[Site "?"]
[Date "2023.10.15"]
[Round "2.4"]
[White "Nebolsina, Vera"]
[Black "Kanakova, Natalie"]
[Result "0-1"]
[WhiteElo "2209"]
[BlackElo "2161"]
[PlyCount "60"]
[EventDate "2023.??.??"]

1. e4 c5 2. Nf3 g6 3. Bc4 Nc6 4. O-O Bg7 5. Nc3 e6 6. d4 Nxd4 7. Nxd4 cxd4 8. Nb5 Qb6 9. c3 a6 10. Nxd4 Ne7 11. a4 O-O 12. a5 Qc7 13. Bb3 b5 14. axb6 Qxb6 15. Ra4 Bb7 16. Be3 Qc7 17. Rc4 Qb8 18. Rb4 a5 19. Rb5 Qc7 20. Re1 d5 21. Qd2 dxe4 22. Bh6 e5 23. Nc2 Ba6 24. Rd5 Nxd5 25. Bxd5 Rab8 26. Bxg7 Kxg7 27. Rxe4 Rxb2 28. Rh4 Rb1+ 29. Ne1 h5 30. g4 Qd8 0-1

[Event "FB1 2324 Schachfreunde Deizisau - Rodewi"]
[Site "?"]
[Date "2023.10.15"]
[Round "2.5"]
[White "Korenova, Martina"]
[Black "Gheng, Simona"]
[Result "1/2-1/2"]
[WhiteElo "2164"]
[BlackElo "1952"]
[PlyCount "58"]
[EventDate "2023.??.??"]

1. e4 c5 2. Nf3 d6 3. c3 Nf6 4. Bd3 g6 5. Bc2 Bg7 6. O-O O-O 7. Re1 Nc6 8. h3 b6 9. d4 cxd4 10. Nxd4 Bb7 11. Nd2 Nxd4 12. cxd4 Rc8 13. Bd3 Qd7 14. Nf3 Rc7 15. Bf4 Rfc8 16. Qe2 Nh5 17. Bd2 e6 18. Bb5 Bc6 19. Bxc6 Rxc6 20. Bc3 Qb7 21. Rad1 R6c7 22. Qd2 Nf6 23. d5 exd5 24. exd5 Rc5 25. Bxf6 Bxf6 26. Qf4 Kg7 27. Qxd6 Rd8 28. Qf4 Rcxd5 29. Rxd5 Qxd5 1/2-1/2

[Event "FB1 2324 Schachfreunde Deizisau - Rodewi"]
[Site "?"]
[Date "2023.10.15"]
[Round "2.6"]
[White "Lukas, Olivia"]
[Black "Kubikova, Hana"]
[Result "0-1"]
[WhiteElo "1240"]
[BlackElo "2071"]
[PlyCount "76"]
[EventDate "2023.??.??"]

1. e4 c5 2. c3 Nf6 3. e5 Nd5 4. d4 cxd4 5. cxd4 e6 6. Bc4 d6 7. Nf3 Nc6 8. a3 Be7 9. O-O O-O 10. Bb3 Qc7 11. Re1 Rd8 12. Qc2 Na5 13. Qxc7 Nxc7 14. Ba2 dxe5 15. dxe5 b6 16. Bf4 Nd5 17. Bg3 Ba6 18. Nd4 Nf4 19. Bxf4 Rxd4 20. Be3 Rd3 21. Nc3 Bc4 22. Bb1 Rd7 23. Be4 Rad8 24. Rad1 Rxd1 25. Rxd1 Rxd1+ 26. Nxd1 Bb3 27. Nc3 Nc4 28. Bd4 Nxb2 29. Nb5 Nc4 30. Nxa7 Bxa3 31. Nb5 Bc5 32. Bxc5 bxc5 33. f4 Nb6 34. Kf1 Bc4+ 35. Ke1 Bxb5 36. f5 exf5 37. Bxf5 Bd7 38. g4 g6 0-1

[Event "FB1 2324 SG Solingen - SK Doppelbauer T"]
[Site "?"]
[Date "2023.10.15"]
[Round "2.1"]
[White "Rath, Alina"]
[Black "Gaponenko, Inna"]
[Result "0-1"]
[WhiteElo "2030"]
[BlackElo "2332"]
[PlyCount "84"]
[EventDate "2023.??.??"]

1. c4 e5 2. g3 Nc6 3. Bg2 f5 4. Nc3 Nf6 5. d3 Bb4 6. Bd2 O-O 7. e3 Bxc3 8. Bxc3 d5 9. cxd5 Nxd5 10. Nf3 Nxc3 11. bxc3 Be6 12. O-O Rb8 13. a4 b6 14. Qc2 Qf6 15. Rab1 Rbd8 16. c4 a5 17. Rbd1 f4 18. c5 Bd5 19. cxb6 cxb6 20. Qb2 Bxf3 21. Bxf3 Nb4 22. Qc3 Kh8 23. exf4 exf4 24. d4 Rd6 25. Kg2 Nc6 26. Bxc6 Rxc6 27. Qf3 Rc4 28. d5 Qd6 29. Qh5 Rxa4 30. Rd3 Re4 31. Rfd1 Re5 32. Qg4 Ref5 33. f3 a4 34. Qh4 b5 35. g4 Re5 36. Qf2 b4 37. R1d2 a3 38. Qd4 h5 39. h3 Rfe8 40. Rf2 Re2 41. Rd2 Rxf2+ 42. Qxf2 b3 0-1

[Event "FB1 2324 SG Solingen - SK Doppelbauer T"]
[Site "?"]
[Date "2023.10.15"]
[Round "2.2"]
[White "Dolzhykova, Kateryna"]
[Black "Falke, Ornella"]
[Result "1-0"]
[WhiteElo "2336"]
[BlackElo "1990"]
[PlyCount "69"]
[EventDate "2023.??.??"]

1. e4 c5 2. Nf3 d6 3. d4 cxd4 4. Qxd4 Nc6 5. Bb5 Bd7 6. Bxc6 Bxc6 7. Nc3 Nf6 8. Bg5 e6 9. O-O-O Be7 10. Rhe1 h6 11. Bh4 Qa5 12. Kb1 O-O 13. Qd2 Rac8 14. Nd5 Qd8 15. Nxe7+ Qxe7 16. Nd4 Rfe8 17. f3 Bd7 18. g4 Rc5 19. Nb3 Rc6 20. e5 Ne4 21. Bxe7 Nxd2+ 22. Rxd2 Rxe7 23. exd6 Re8 24. Na5 Rb6 25. Nc4 Rb5 26. Ne5 Rd8 27. c4 Ra5 28. f4 g5 29. f5 exf5 30. Nxd7 Rxd7 31. Re7 Rd8 32. b4 Ra4 33. Rxb7 a5 34. c5 axb4 35. c6 1-0

[Event "FB1 2324 SG Solingen - SK Doppelbauer T"]
[Site "?"]
[Date "2023.10.15"]
[Round "2.3"]
[White "Braeutigam, Katerina"]
[Black "Van Foreest, Machteld"]
[Result "0-1"]
[WhiteElo "1880"]
[BlackElo "2266"]
[PlyCount "68"]
[EventDate "2023.??.??"]

1. d4 e6 2. Bf4 Nf6 3. Nd2 d5 4. Ngf3 b6 5. e3 Bb7 6. c3 Bd6 7. Ne5 O-O 8. h4 Ne4 9. Nxe4 dxe4 10. Qg4 Bd5 11. Rh3 f5 12. Qg3 Nd7 13. h5 Bxe5 14. dxe5 Nc5 15. Rd1 Qe8 16. b3 Rd8 17. Bg5 Rd7 18. Be2 Bb7 19. Bf6 Kh8 20. Bh4 Rxd1+ 21. Bxd1 Qd7 22. h6 g6 23. Bf6+ Kg8 24. Bh5 Qd3 25. f4 Qb1+ 26. Ke2 Nd3 27. Qh4 Qxa2+ 28. Kf1 Qa1+ 29. Ke2 Qxc3 30. Rh1 Ba6 31. Kf1 Qc1+ 32. Ke2 Qc2+ 33. Kf1 Nxf4+ 34. Kg1 Qxg2# 0-1

[Event "FB1 2324 SG Solingen - SK Doppelbauer T"]
[Site "?"]
[Date "2023.10.15"]
[Round "2.5"]
[White "Benzen, Marthe"]
[Black "Agrest, Inna"]
[Result "0-1"]
[WhiteElo "1954"]
[BlackElo "2266"]
[PlyCount "84"]
[EventDate "2023.??.??"]

1. e4 e5 2. Nf3 Nc6 3. Bb5 a6 4. Ba4 Nf6 5. Bxc6 dxc6 6. O-O Bd6 7. d3 Bg4 8. h3 Be6 9. Be3 c5 10. Nbd2 O-O 11. Ng5 Bc8 12. Nc4 h6 13. Nf3 Re8 14. a4 b6 15. b3 Nh7 16. Nfd2 Bf8 17. Qh5 g6 18. Qe2 Bg7 19. f3 Nf8 20. Nb1 Ne6 21. Nc3 Rb8 22. Bc1 Qd4+ 23. Kh1 Qxc3 24. Bb2 Nd4 25. Qf2 Qxc2 26. Bxd4 Qxf2 27. Bxf2 Rd8 28. Rfd1 Be6 29. Kg1 Rd7 30. Kf1 f6 31. Ke2 Kf7 32. Rab1 Bf8 33. a5 b5 34. Ne3 Rbd8 35. Nc2 Be7 36. Be3 f5 37. g4 f4 38. Bf2 h5 39. Bg1 c4 40. bxc4 bxc4 41. d4 exd4 42. Bxd4 c3 0-1

[Event "FB1 2324 SG Solingen - SK Doppelbauer T"]
[Site "?"]
[Date "2023.10.15"]
[Round "2.6"]
[White "Zozulia, Anna"]
[Black "Rommeck, Christiane"]
[Result "1-0"]
[WhiteElo "2225"]
[BlackElo "1558"]
[PlyCount "39"]
[EventDate "2023.??.??"]

1. e4 d5 2. exd5 Qxd5 3. Nc3 Qd6 4. d4 a6 5. Nf3 Bg4 6. h3 Bh5 7. g4 Bg6 8. Ne5 Nc6 9. Nxc6 Qxc6 10. d5 Qd6 11. Bg2 O-O-O 12. O-O f6 13. Qf3 h5 14. g5 Bxc2 15. Bf4 Qb6 16. Rac1 fxg5 17. Be5 Qg6 18. Na4 Nf6 19. Qc3 Rd7 20. Nb6+ 1-0

[Event "FB1 2324 Hamburger SK - TuRa Harksheide"]
[Site "?"]
[Date "2023.10.15"]
[Round "2.1"]
[White "Antolak, Julia"]
[Black "Papp, Sarah"]
[Result "0-1"]
[WhiteElo "2290"]
[BlackElo "2294"]
[PlyCount "158"]
[EventDate "2023.??.??"]

1. Nf3 Nf6 2. c4 e6 3. g3 d5 4. Bg2 Nc6 5. O-O a6 6. cxd5 exd5 7. d4 Bf5 8. Nc3 h6 9. Ne5 Be7 10. Nxc6 bxc6 11. Qa4 Qd7 12. Bf4 O-O 13. Rfc1 a5 14. Nd1 Ra6 15. a3 Qc8 16. Bf1 Bd7 17. Qc2 g5 18. Bd2 Bf5 19. Qa4 Ne4 20. Be1 Bd7 21. Nc3 Nxc3 22. Bxc3 c5 23. Qd1 c4 24. b3 cxb3 25. Qxb3 Qa8 26. e3 Rb6 27. Qd1 Rfb8 28. Qe1 a4 29. Ba5 R6b7 30. Rxc7 Rxc7 31. Bxc7 Rb3 32. Qc1 Qb7 33. Ba5 Bxa3 34. Qc2 Bb2 35. Ra2 a3 36. h3 Ba4 37. Qf5 Qd7 38. Qf6 Qe6 39. Qd8+ Kg7 40. Bc7 Rc3 41. Bd6 Rc8 42. Qb6 Rc1 43. Be5+ Kg6 44. Rxb2 axb2 45. Qxb2 Rd1 46. Kg2 f6 47. Be2 Re1 48. Bd3+ Kg7 49. Qb4 Rd1 50. Qxa4 Rxd3 51. Qc2 Ra3 52. Qc7+ Kg6 53. Qc2+ Kg7 54. Qc7+ Kg6 55. Qc2+ Qf5 56. Qxf5+ Kxf5 57. g4+ Kg6 58. Bd6 Ra6 59. Bg3 h5 60. gxh5+ Kxh5 61. f3 Ra2+ 62. Kf1 f5 63. Bf2 Kg6 64. Kg2 Kf6 65. Kg3 Ke6 66. Bg1 Re2 67. Bf2 Kd6 68. Kg2 Kc6 69. Kf1 Ra2 70. h4 gxh4 71. Bxh4 Kb5 72. Bg5 Kc4 73. Bf4 Kd3 74. Bh6 Re2 75. e4 fxe4 76. fxe4 dxe4 77. d5 Rh2 78. Bf4 Rh5 79. d6 Rf5 0-1

[Event "FB1 2324 Hamburger SK - TuRa Harksheide"]
[Site "?"]
[Date "2023.10.15"]
[Round "2.2"]
[White "Lubbe, Melanie"]
[Black "Lach, Aleksandra"]
[Result "0-1"]
[WhiteElo "2273"]
[BlackElo "2238"]
[PlyCount "122"]
[EventDate "2023.??.??"]

1. e4 c5 2. Nf3 d6 3. d4 cxd4 4. Nxd4 Nf6 5. Nc3 g6 6. Be2 Bg7 7. O-O O-O 8. Bg5 Nc6 9. Nb3 a6 10. Re1 h6 11. Bh4 b5 12. Bf1 Bd7 13. a4 b4 14. Nd5 Nxd5 15. exd5 Ne5 16. Qd2 g5 17. Bg3 Ng6 18. Qxb4 Bxb2 19. Ra2 Bg7 20. Nd4 Qc8 21. c3 a5 22. Qb3 Rb8 23. Bb5 Qc5 24. Qa3 Bxd4 25. Qxc5 Bxc5 26. Bxd7 Rb3 27. Rc2 f5 28. h3 f4 29. Bh2 Ne5 30. Bb5 Rc8 31. Rd1 Ba7 32. Rdc1 Bc5 33. Rd1 Rf8 34. Kf1 g4 35. hxg4 Nxg4 36. Bg1 f3 37. gxf3 Rxf3 38. Rd3 Ne5 39. Rxf3 Nxf3 40. Rc1 Ba3 41. Rd1 Rxc3 42. Ke2 Bc5 43. Bd7 Kf7 44. Bg4 Ne5 45. Bh5+ Kf6 46. Bh2 Rc2+ 47. Rd2 Rxd2+ 48. Kxd2 Nc4+ 49. Ke2 Nb6 50. Bf4 Nxa4 51. Bxh6 Nc3+ 52. Kd3 Nxd5 53. Ke4 Nb4 54. f4 d5+ 55. Kf3 a4 56. Bg5+ Kf5 57. Bg4+ Kg6 58. Bh4 a3 59. f5+ Kf7 60. Bh5+ Kg7 61. Be1 d4 0-1

[Event "FB1 2324 Hamburger SK - TuRa Harksheide"]
[Site "?"]
[Date "2023.10.15"]
[Round "2.3"]
[White "Gosciniak, Maria"]
[Black "Genova, Lyubka"]
[Result "1/2-1/2"]
[WhiteElo "2086"]
[BlackElo "2249"]
[PlyCount "52"]
[EventDate "2023.??.??"]

1. e4 c5 2. Nf3 e6 3. c4 Nc6 4. d4 cxd4 5. Nxd4 Nf6 6. Nc3 Bb4 7. Nxc6 bxc6 8. Bd3 e5 9. O-O O-O 10. Qe2 d6 11. Na4 c5 12. Bg5 h6 13. Bxf6 Qxf6 14. Rad1 Bd7 15. Bc2 Bc6 16. Rd3 Rad8 17. Rfd1 Qe6 18. Rg3 Kh8 19. Nc3 Bxc3 20. Rxc3 Rb8 21. b3 Rb6 22. Qh5 a5 23. a4 Bb7 24. Qh4 Re8 25. Rf3 Kg8 26. h3 Qe7 1/2-1/2

[Event "FB1 2324 Hamburger SK - TuRa Harksheide"]
[Site "?"]
[Date "2023.10.15"]
[Round "2.4"]
[White "Ziegenfuss, Antonia"]
[Black "Adamowicz, Katarzyna"]
[Result "1-0"]
[WhiteElo "2196"]
[BlackElo "2100"]
[PlyCount "147"]
[EventDate "2023.??.??"]

1. d4 Nf6 2. c4 e6 3. Nc3 d5 4. cxd5 exd5 5. Bg5 Be7 6. Qc2 c6 7. e3 Nbd7 8. Bd3 O-O 9. Nge2 Re8 10. O-O Nf8 11. f3 g6 12. e4 dxe4 13. fxe4 Ne6 14. Be3 Ng4 15. Qd2 Nxe3 16. Qxe3 Nxd4 17. Nxd4 Bc5 18. Nce2 Bg4 19. Rfc1 Qd6 20. Rxc5 Qxc5 21. Qf2 Rad8 22. Rc1 Qg5 23. Nf3 Bxf3 24. Qxf3 Rd7 25. Bc4 Red8 26. Bb3 Qe5 27. Rf1 Rf8 28. h4 Re7 29. Ng3 a5 30. h5 a4 31. Bd1 Qxb2 32. h6 Rd7 33. Bxa4 Qd4+ 34. Kh1 Qd2 35. Nf5 Qg5 36. Qg3 Qxg3 37. Nxg3 Rd3 38. Rf3 Rxf3 39. gxf3 Rd8 40. Bb3 Kf8 41. e5 Rd4 42. Ne4 b6 43. Kg1 Ke7 44. Kf2 c5 45. Ke3 Rb4 46. Nf6 Rh4 47. f4 b5 48. Bd5 c4 49. Bc6 Rh3+ 50. Kd4 Rd3+ 51. Ke4 Rh3 52. Bxb5 c3 53. Bd3 Kd8 54. Nd5 Rxh6 55. a4 g5 56. Nxc3 g4 57. Ne2 Rh2 58. Bc4 h5 59. f5 h4 60. Kf4 Rg2 61. a5 h3 62. Ng3 Rd2 63. Bxf7 Rd4+ 64. Ke3 Ra4 65. f6 Rxa5 66. e6 Ra8 67. Kf4 Ra4+ 68. Kg5 Ra8 69. Kxg4 h2 70. Kh3 Kc7 71. Kxh2 Kd6 72. Ne4+ Kc7 73. e7 Kd7 74. Nc5+ 1-0

[Event "FB1 2324 Hamburger SK - TuRa Harksheide"]
[Site "?"]
[Date "2023.10.15"]
[Round "2.5"]
[White "Brandt, Carina"]
[Black "Zhou, Lepu Coco"]
[Result "1-0"]
[WhiteElo "2058"]
[BlackElo "1999"]
[PlyCount "95"]
[EventDate "2023.??.??"]

1. e4 e6 2. d4 d5 3. Nc3 Nf6 4. e5 Nfd7 5. f4 c5 6. Nf3 Nc6 7. Be3 Be7 8. Qd2 O-O 9. dxc5 Qa5 10. O-O-O b6 11. Bb5 Nb4 12. a3 bxc5 13. Kb1 Rb8 14. axb4 cxb4 15. Nxd5 exd5 16. Bxd7 Bxd7 17. Qxd5 Qxd5 18. Rxd5 Bc6 19. Ra5 b3 20. c3 Be4+ 21. Kc1 Rb7 22. Re1 Rc8 23. Kd1 Rd7+ 24. Bd4 f5 25. Ke2 Bb4 26. Raa1 Bxf3+ 27. Kxf3 Rxd4 28. cxd4 Bxe1 29. Rxe1 Rc2 30. Re2 a5 31. Ke3 Rc8 32. d5 Kf7 33. Rd2 a4 34. d6 Ke6 35. d7 Rd8 36. Rd6+ Ke7 37. Kd3 g5 38. g3 gxf4 39. gxf4 h5 40. Kc3 h4 41. Kb4 Rb8+ 42. Kxa4 Kd8 43. e6 Ke7 44. d8=Q+ Rxd8 45. Rxd8 Kxd8 46. Kxb3 Ke7 47. Kc4 Kxe6 48. Kc5 1-0

[Event "FB1 2324 Hamburger SK - TuRa Harksheide"]
[Site "?"]
[Date "2023.10.15"]
[Round "2.6"]
[White "Rogozenco, Teodora"]
[Black "Giede, Anna-Blume"]
[Result "1-0"]
[WhiteElo "1964"]
[BlackElo "1597"]
[PlyCount "51"]
[EventDate "2023.??.??"]

1. d4 Nf6 2. c4 e6 3. Nc3 Bb4 4. Qc2 O-O 5. e4 d5 6. e5 Nfd7 7. Nf3 c5 8. dxc5 Nxc5 9. Ng5 g6 10. a3 Bxc3+ 11. Qxc3 Ne4 12. Nxe4 dxe4 13. b4 b6 14. Be2 Bb7 15. O-O Nd7 16. Rd1 Qc7 17. Bb2 Rac8 18. Rd2 Ba6 19. Rc1 Rfd8 20. Rd6 Bb7 21. Rcd1 Nb8 22. a4 Rd7 23. c5 Bd5 24. R6xd5 Rxd5 25. Rxd5 exd5 26. e6 1-0

[Event "Hamburger SK - SV Weißblau Allianz Lei"]
[Site "?"]
[Date "2023.12.09"]
[Round "3.1"]
[White "Rößler, Ulrike"]
[Black "Roebers, Eline"]
[Result "1/2-1/2"]
[WhiteElo "2155"]
[BlackElo "2388"]
[PlyCount "54"]
[EventDate "2023.??.??"]

1. e4 c5 2. Nf3 e6 3. d4 cxd4 4. Nxd4 Nc6 5. Nc3 Qc7 6. Be3 a6 7. Be2 Nf6 8. O-O d6 9. f4 Be7 10. a3 O-O 11. Qe1 Na5 12. Rd1 b5 13. Qg3 Bb7 14. f5 e5 15. Bh6 Ne8 16. f6 Bxf6 17. Nf5 Rd8 18. Rf3 Kh8 19. Bg5 Bxg5 20. Qxg5 f6 21. Qh4 d5 22. exd5 g6 23. Qb4 Kg8 24. Nh6+ Kg7 25. Nf5+ Kg8 26. Nh6+ Kg7 27. Nf5+ Kg8 1/2-1/2

[Event "Hamburger SK - SV Weißblau Allianz Lei"]
[Site "?"]
[Date "2023.12.09"]
[Round "3.2"]
[White "Papp, Sarah"]
[Black "Hincu, Olga"]
[Result "0-1"]
[WhiteElo "2309"]
[BlackElo "2108"]
[PlyCount "80"]
[EventDate "2023.??.??"]

1. e4 e6 2. d4 d5 3. e5 c5 4. c3 Nc6 5. Nf3 Qb6 6. a3 Nge7 7. dxc5 Qxc5 8. b4 Qb6 9. c4 Qc7 10. Bb2 dxc4 11. Nc3 a6 12. Ne4 Nd5 13. Bxc4 Ncxb4 14. Rc1 Nc6 15. O-O Be7 16. Re1 O-O 17. Nfg5 h6 18. h4 hxg5 19. hxg5 Nf4 20. Qg4 Ng6 21. Nf6+ gxf6 22. gxf6 Bxf6 23. exf6 Qf4 24. Qh5 Qh4 25. Qf3 Bd7 26. Re4 Qh6 27. Qg3 Rac8 28. Rd1 Na5 29. Bc1 Qh8 30. Bd3 Bb5 31. Bb1 Qxf6 32. Bg5 Qg7 33. Qh2 Rfe8 34. Rg4 Be2 35. Bh6 Qf6 36. Rxg6+ fxg6 37. Rd7 Red8 38. Rxd8+ Rxd8 39. Qg3 Rd1+ 40. Kh2 Rxb1 0-1

[Event "Hamburger SK - SV Weißblau Allianz Lei"]
[Site "?"]
[Date "2023.12.09"]
[Round "3.3"]
[White "Wagenschütz, Evelyn"]
[Black "Lubbe, Melanie"]
[Result "0-1"]
[WhiteElo "2115"]
[BlackElo "2257"]
[PlyCount "148"]
[EventDate "2023.??.??"]

1. e4 c5 2. Nf3 d6 3. d4 cxd4 4. Nxd4 Nf6 5. Nc3 Nc6 6. Bg5 e6 7. Qd2 Be7 8. O-O-O O-O 9. f4 Nxd4 10. Qxd4 h6 11. Bh4 Qa5 12. Kb1 e5 13. fxe5 dxe5 14. Qe3 Be6 15. Bxf6 Bxf6 16. Nd5 Bg5 17. Qg3 Bf4 18. Qe1 Qxe1 19. Rxe1 Bd2 20. Rd1 Ba5 21. Be2 a6 22. g4 g6 23. Rhf1 Kg7 24. a3 b5 25. h4 Rfc8 26. h5 Bd8 27. hxg6 fxg6 28. Nb6 Bxb6 29. Rd6 Be3 30. Rxe6 Re8 31. Rff6 Rxe6 32. Rxe6 Bf4 33. a4 bxa4 34. c4 Kf7 35. Rd6 Be3 36. Bd1 Bc5 37. Rc6 Bd4 38. Bxa4 h5 39. gxh5 gxh5 40. Rh6 Rg8 41. Rxh5 Rg1+ 42. Ka2 Rg2 43. Rh7+ Ke6 44. Rb7 Kd6 45. Ka3 Kc5 46. b4+ Kxc4 47. Bb3+ Kd3 48. Bd5 Rg1 49. Rc7 Ra1+ 50. Kb3 Rb1+ 51. Ka3 Bc3 52. Rc6 Kc2 53. Ba2 Rxb4 54. Bd5 a5 55. Rc4 Rb1 56. Ka4 Kd3 57. Rc7 Ra1+ 58. Kb5 a4 59. Ra7 a3 60. Ra4 Rb1+ 61. Kc6 Bb2 62. Bc4+ Ke3 63. Ba2 Rd1 64. Bd5 Rd4 65. Ra8 Kd3 66. Kc5 Kc2 67. Kd6 Rd2 68. Ra4 Kb1 69. Kc5 Bd4+ 70. Kb5 a2 71. Bxa2+ Rxa2 72. Rc4 Rb2+ 73. Ka4 Rc2 74. Rb4+ Kc1 0-1

[Event "Hamburger SK - SV Weißblau Allianz Lei"]
[Site "?"]
[Date "2023.12.09"]
[Round "3.4"]
[White "Genova, Lyubka"]
[Black "Schulz, Petra"]
[Result "1/2-1/2"]
[WhiteElo "2247"]
[BlackElo "1998"]
[PlyCount "121"]
[EventDate "2023.??.??"]

1. e4 e6 2. d3 d5 3. Qe2 Nc6 4. Nf3 dxe4 5. dxe4 e5 6. c3 Nf6 7. g3 Be7 8. Bg2 O-O 9. O-O Bd7 10. h3 Qc8 11. Kh2 a6 12. Nbd2 Ne8 13. Nc4 f6 14. Ne3 Be6 15. Nd5 Bd6 16. Rd1 Qd7 17. c4 Qf7 18. Be3 b6 19. Rac1 Bc5 20. Bxc5 bxc5 21. Qd3 g5 22. Ne3 Nd4 23. Nxd4 cxd4 24. Nf5 Kh8 25. b4 Nd6 26. Bf1 Qd7 27. g4 Nf7 28. a3 Nd8 29. c5 Bg8 30. Qc2 Ne6 31. c6 Qe8 32. a4 Nf4 33. Rd2 h5 34. Kg1 Be6 35. b5 axb5 36. axb5 Ra2 37. Qd1 Rxd2 38. Qxd2 Bxf5 39. exf5 Qb8 40. Qb4 Kg7 41. b6 Nd5 42. Qc5 Nxb6 43. h4 Na4 44. Qe7+ Rf7 45. Qe6 Qb2 46. Bc4 Qxc1+ 47. Kg2 Qxc4 48. Qxc4 Nb6 49. Qe6 gxh4 50. g5 fxg5 51. Qxe5+ Kh7 52. Qe6 Kg7 53. Qe5+ Kh7 54. Qxd4 Rxf5 55. Qe4 Kg6 56. Qe6+ Rf6 57. Qg8+ Kh6 58. Qh8+ Kg6 59. Qg8+ Kh6 60. Qd8 Rf7 61. Qg8 1/2-1/2

[Event "Hamburger SK - SV Weißblau Allianz Lei"]
[Site "?"]
[Date "2023.12.09"]
[Round "3.5"]
[White "Just, Dr. Anita"]
[Black "Fuchs, Judith"]
[Result "0-1"]
[WhiteElo "1876"]
[BlackElo "2234"]
[PlyCount "114"]
[EventDate "2023.??.??"]

1. e4 c5 2. Nf3 d6 3. d4 cxd4 4. Nxd4 Nf6 5. Nc3 Nc6 6. Be2 e5 7. Nb3 h6 8. Be3 Be6 9. O-O Be7 10. f4 exf4 11. Rxf4 d5 12. exd5 Nxd5 13. Nxd5 Qxd5 14. Qxd5 Bxd5 15. c4 Be6 16. Nc5 Bc8 17. Raf1 O-O 18. R4f2 Ne5 19. h3 b6 20. Ne4 Bb7 21. Rf5 Ng6 22. Nc3 Nh4 23. R5f2 Bd6 24. Bh5 g6 25. Bd1 Rfe8 26. Bd4 Nf5 27. Nb5 Bg3 28. Rd2 a6 29. Nc3 Rad8 30. Nd5 Bxd5 31. cxd5 Rxd5 32. Bc3 Rxd2 33. Bxd2 Rd8 34. Bc1 h5 35. Bg5 Rd7 36. Bf3 Be5 37. b3 f6 38. Bc1 Bd4+ 39. Kh2 Be5+ 40. Kg1 Nd4 41. Bd1 Kg7 42. Be3 Nf5 43. Kf2 Bg3+ 44. Ke2 Re7 45. Rxf5 gxf5 46. Kf3 Bc7 47. Bc2 f4 48. Bf2 Rd7 49. Ke2 b5 50. Bd3 Rd6 51. a4 b4 52. Bc4 a5 53. Bc5 Rc6 54. Bf2 Bd6 55. Kf3 Rxc4 56. bxc4 b3 57. Bd4 Be5 0-1

[Event "Hamburger SK - SV Weißblau Allianz Lei"]
[Site "?"]
[Date "2023.12.09"]
[Round "3.6"]
[White "Ziegenfuß, Antonia"]
[Black "Germann, Heike"]
[Result "1-0"]
[WhiteElo "2199"]
[BlackElo "1955"]
[PlyCount "89"]
[EventDate "2023.??.??"]

1. d4 Nf6 2. c4 g6 3. Nc3 Bg7 4. e4 d6 5. Be2 O-O 6. Be3 e5 7. d5 Na6 8. g4 Nc5 9. f3 h5 10. h3 a5 11. Qd2 Bd7 12. O-O-O Qe7 13. Bg5 Qe8 14. Bxf6 Bxf6 15. gxh5 Qe7 16. h4 Bxh4 17. Kb1 g5 18. Nh3 f6 19. Rdg1 Kf7 20. f4 Bxh3 21. h6 Rh8 22. Rxh3 Rxh6 23. fxg5 fxg5 24. Bg4 Rf8 25. Bf5 Ke8 26. Nd1 b6 27. b4 axb4 28. Qxb4 Qd8 29. Qb5+ Kf7 30. Ra3 Qe8 31. Ra7 Qb8 32. Ra3 Qe8 33. Qb2 Rhh8 34. Rf3 Kg7 35. Qd2 Rh5 36. Rh3 Qe7 37. Ne3 Qf6 38. Ng2 Bf2 39. Rxh5 Bxg1 40. Rxg5+ Kf7 41. Rg6 Qh8 42. Rh6 Qg8 43. Rh7+ Ke8 44. Qh6 Kd8 45. Qh4+ 1-0